Highest Body Count Films - Statistics

General Stats
  • This quiz has been taken 682 times
  • The average score is 6 of 20
Answer Stats
Deaths Release Hint Answer % Correct
600 2007 Persians 300
81%
184 1995 Scots Braveheart
69%
572 2004 Trojans Troy
69%
468 2002 Orcs Lord of the Rings: The Two Towers (extended)
64%
836 2003 Nazgul Lord of the Rings: Return of the King (extended)
63%
255 1998 Nazis Saving Private Ryan
59%
307 1997 Steerage Titanic
39%
558 2003 Samurai The Last Samurai
37%
610 2005 Crusaders Kingdom of Heaven (extended)
30%
247 2008 Burmese Rambo
28%
256 1997 Bugs Starship Troopers
22%
186 1984 Harkonnen Dune
19%
187 2006 Africans Blood Diamond
17%
305 2002 Soldiers We Were Soldiers
14%
236 2002 Sense Offenders Equilibrium
7%
307 1992 Triads Hard Boiled
7%
187 2004 Necromongers The Chronicles of Riddick
6%
310 2007 Sickos Grindhouse: Double Feature
4%
199 1987 Triads A Better Tomorrow II
2%
217 1990 Viet Cong Bullet in the Head
1%
No matching quizzes found
Score Distribution
Percent of People with Each Score
Percentile by Number Answered
Your Score History
You have not taken this quiz